Stargirl (2020) TV Series Characters - Statistics

General Stats
  • This quiz has been taken 7 times
  • The average score is 19 of 21
Answer Stats
Hint Answer % Correct
Henry King Brainwave
100%
Henry King Jr. Brainwave Jr.
100%
Beth Chapel Dr. Mid-Nite
100%
Rick Tyler Hourman
100%
Jordan Mahkent Icicle
100%
Courtney's Dad Sam Kurtis
100%
Cindy Burmen Shiv
100%
Crusher Sportsmaster
100%
Courtney Whitmore Stargirl
100%
Sylvester Pemberton Starman
100%
Pat Dugan S.T.R.I.P.E
100%
Yalonda Montez Wildcat
100%
Daughter of Crusher Artemis Crock
83%
Wife of Pat Barbara Whitmore
83%
Son of Jordan Cameron Mahkent
83%
Dr. Eto Dragon King
83%
Son of Pat Mike Dugan
83%
Justin Shining Knight
83%
Wife of Crusher Tigress
83%
Southern ISA Member The Gambler
67%
The Principal The Violinist
33%
No matching quizzes found
Score Distribution
Percent of People with Each Score
Percentile by Number Answered
Your Score History
You have not taken this quiz